1521 1806 1237 1001 1296 1173 1577 1082 1499 1332 1409 1113 1006 1306 1142 1007 1053 1484 1213 1947 1194 1859 1188 1956 1200 1830 1950 1021 1966 1781 1591 1772 1602 1935 1741 1324 1001 1707 1123 1877 1950 1933 1650 1857 1281 1724 1426 1517 1750 1843 1333 1427 1348 1525 1797 1795 1108 1647 1680 1373 1140 1834 1591 1593 1803 1833 1602 1471 1393 1421 1397 1937 1942 1263 1085 1584 1732 1791 1769 1664 1820 1707 1756 1370 1173 1339 1006 1076 1859 1570 1976 1169 1571 1031 1345 1911 1191 1585 1795 BCNSPRNW ULIB Ver.6.0+V

เปลี่ยนเป็นภาษาไทย

Change to English
 แสดงรายละเอียดบรรณานุกรม
  กลับหน้าหลัก

Brief Record : Get Marc (ISO 2709) : E-mail record : QR code < ปิดหน้าต่าง
LEADER : 00000nam 2200000uu 4500
001    13399125016
003     ULIB
008    160529s2558||||th 000 0 tha d
020    ^a9786163942982
060  4 ^aWM274^bพ245น
100    ^aพรนภา หอมสินธุ์
245    ^aแนวคิด และทฤษฎี สู่การปฏิบัติ : การป้องกันการสูบบุหรี่และดื่มแอลกอฮอล์ในวัยรุ่น/^cพรนภา หอมสินธุ์
250    ^aพิมพ์ครั้งที่ 1
260    ^aชลบุรี :^bชลบุรีการพิมพ์,^c2558
300    ^a110 หน้า^bภาพประกอบ
650  7 ^aเครื่องดื่มแอลกอฮอล์^xในวัยรุ่น
650  7 ^aบุหรี่^xในวัยรุ่น
945    ^p150^l0^i23749
999    ^aทศพร เกษรทอง
รายการนี้ยังไม่มีแท็ก
คุณยังไม่ได้ล็อกอิน คุณสามารถมีกิจกรรมร่วมกับเว็บไซต์ได้ แต่ต้องล็อกอินก่อน ::
  ล็อกอิน

รายการสื่อสารสนเทศ

ลำดับที่ ประเภท เลขเรียก/บาร์โค้ด สถานที่ สถานะ
1. วิทยาศาสตร์การแพทย์ และสุขภาพ
วิทยาศาสตร์การแพทย์ และสุขภาพ
สถานะ=หนังสือเก่า
WM274 พ245น ฉ.1 
  Barcode: 23749
ห้องสมุดวิทยาเขตนครสวรรค์
►ส่วนจัดเก็บหนังสือเก่า นว.
บนชั้น
  ขอยืม

รายการใกล้เคียง
    ผู้แต่ง [พรนภา หอมสินธุ์]

BibComment


ยังไม่เคยถูกคอมเมนท์

คอมเมนท์ทรัพยากรรายการนี้
  คอมเมนท์: แนวคิด และทฤษฎี ..


 Copyright 2026. Bcnsprnw @Library